TV Shows by Memes Quiz Stats

Quiz Updated Nov 9, 2015

Also try: Movie Memes
Challenge
Share
Tweet
Score 0/16 Timer 07:00
2 Plays Today
% Correct
Star Trek
99.4%
The Simpsons
99%
The Big Bang Theory
95.8%
House M.D.
95.7%
Breaking Bad
94.8%
The Office
94.6%
Friends
93.1%
Game of Thrones
84.3%
% Correct
Dexter
83.9%
Sherlock
82.7%
24
82.2%
Mad Men
81.7%
Downton Abbey
78.2%
Lost
72.2%
Doctor Who
66.4%
The Walking Dead
60.8%

You're not logged in!

Compare scores with friends on all Sporcle quizzes.
Sign Up with Email
OR
Log In

You Might Also Like...

Show Comments

Extras

Top Quizzes Today


Score Distribution

Your Account Isn't Verified!

In order to create a playlist on Sporcle, you need to verify the email address you used during registration. Go to your Sporcle Settings to finish the process.